|
|
|
|
| LEADER |
01221naa a2200241 i 4500 |
| 001 |
acta76804 |
| 005 |
20221108130820.0 |
| 008 |
221104s2021 hu o 1|| eng d |
| 020 |
|
|
|a 978-963-306-789-5
|
| 040 |
|
|
|a SZTE Egyetemi Kiadványok Repozitórium
|b hun
|
| 041 |
|
|
|a eng
|
| 100 |
1 |
|
|a Karavasilis Michalis V.
|
| 245 |
1 |
0 |
|a Immobilized zinc oxide (ZnO) photocatalysts, and their use in continuous-flow photoreactors for wastewater treatment
|h [elektronikus dokumentum] /
|c Karavasilis Michalis V.
|
| 260 |
|
|
|a University of Szeged
|b Szeged
|c 2021
|
| 300 |
|
|
|a 27
|
| 490 |
0 |
|
|a Proceedings of the 5th International Conference on NPM and the 6th International Conference on PAOT
|
| 650 |
|
4 |
|a Természettudományok
|
| 650 |
|
4 |
|a Kémiai tudományok
|
| 695 |
|
|
|a Szennyvíztisztítás - előadáskivonat, Szennyvízkezelés - előadáskivonat, Fotokatalízis - előadáskivonat, Fizikai kémia - előadáskivonat
|
| 700 |
0 |
1 |
|a Theodoropoulou Maria A.
|e aut
|
| 700 |
0 |
1 |
|a Tsakiroglou Christos D.
|e aut
|
| 710 |
|
|
|a Proceedings of the 5th International Conference on NPM and the 6th International Conference on PAOT (2021) (Szeged)
|
| 856 |
4 |
0 |
|u http://acta.bibl.u-szeged.hu/76804/1/npm_005_paot_006_027.pdf
|z Dokumentum-elérés
|